| 000 | 00838cam a22002534a 4500 | ||
|---|---|---|---|
| 001 | 15312789 | ||
| 005 | 20180213082250.0 | ||
| 008 | 080602s2010 mauab 001 0 eng | ||
| 010 | _a 2008024471 | ||
| 020 | _a0321567927 (student edition) | ||
| 020 | _a9780321567925 (student edition) | ||
| 020 | _a9780321574725 (annotated instructor's edition) | ||
| 020 | _a0321574729 (annotated instructor's edition) | ||
| 040 |
_aDLC _cDLC _dDLC |
||
| 041 | _aeng | ||
| 080 | _a513.12 LIA | ||
| 082 | 0 | 0 |
_a513.12 LIA _222 |
| 100 | 1 | _a36 | |
| 101 | _aMAT | ||
| 245 | 1 | 0 |
_aPrealgebra / _cMargaret L. Lial, Diana L. Hestwood. |
| 906 |
_a7 _bcbc _corignew _d1 _eecip _f20 _gy-gencatlg |
||
| 942 |
_2ddc _cBK |
||
| 999 |
_c42410 _d42410 |
||